00983nam a2200193Ia 4500001001100000003001000011008004100021040002500062041001200087100001200099245007200111250001100183260006300194300001200257500018300269501011400452520018300566650004000749L475-25588IT-CnALBA170116s9999||||xx |||||||||||||| ||und|| aIT-CnALBAcIT-CnALBA aLATINO  aAA. VV. 0aNOVAE ANTHOLOGIAE. LIBER III. - IN USUM SCHOLARUM ORDINIS SECUNDI.  a1a ed. aTORINObREGIA TYPOGRAPHIA OFFICINA. c1856 [1° Ed.: n.d.] a244 p.  aCICERONE. SENECA: LA VECCHIAIA. LATTANZIO. AGOSTINO. POETI: LUCREZIO OVIDIO MANILIO: ROTONDITA' DELLA TERRA, VIA LATTEA. GIOVENALE. PRUDENZIO: INNO A S. EULALIA. CONTRO SIMMACO.  aSocietà San Paolo EM - Piazza San Paolo, 14 - 12051 ALBA (CN) (non commercial uses only) ® Copyright 2017 aCICERONE. SENECA: LA VECCHIAIA. LATTANZIO. AGOSTINO. POETI: LUCREZIO OVIDIO MANILIO: ROTONDITA' DELLA TERRA, VIA LATTEA. GIOVENALE. PRUDENZIO: INNO A S. EULALIA. CONTRO SIMMACO.  aGRAMMATICA LATINA SINTASSI ESERCIZI